Češi euru důvěřují, jako měnu ho ale nechtějí
Podľa aktuálnych prieskumov sú Česi najvätšími odporcami eura, aj keď je ich vzťah k tejto mene nie je negatívny. Väčšina českých domácností stále šetrí v českých korunách, Česi veria v stabilitu českej meny. Podniky využívajú oproti domácnostiam euro viac, či už pre vklady alebo úvery. Neznamená to...
Guardado en:
| Formato: | Capítulo de libro |
|---|---|
| Lenguaje: | checo |
| Materias: | |
| Etiquetas: |
Sin Etiquetas, Sea el primero en etiquetar este registro!
|
MARC
| LEADER | 00000naa a2200000 4500 | ||
|---|---|---|---|
| 001 | 0246652 | ||
| 005 | 20180730095247.4 | ||
| 041 | 0 | |a cze | |
| 044 | |a CZ | ||
| 245 | 1 | 0 | |a Češi euru důvěřují, jako měnu ho ale nechtějí |
| 520 | |a Podľa aktuálnych prieskumov sú Česi najvätšími odporcami eura, aj keď je ich vzťah k tejto mene nie je negatívny. Väčšina českých domácností stále šetrí v českých korunách, Česi veria v stabilitu českej meny. Podniky využívajú oproti domácnostiam euro viac, či už pre vklady alebo úvery. Neznamená to ale, že by prijatie eura malo zo strany podnikov väčšiu podporu. | ||
| 610 | 2 | 0 | |a Česko |
| 610 | 2 | 0 | |a euro |
| 610 | 2 | 0 | |a koruna |
| 610 | 2 | 0 | |a mena |
| 610 | 2 | 0 | |a prieskum |
| 610 | 2 | 0 | |a domácnosti |
| 610 | 2 | 0 | |a podnik |